=LDR 00000nam 2200000 4500 =001 INLIS000000001052356 =005 20240827090642 =035 ##$$a 0010-0824000174 =007 ta =008 240827################b##########1###### =020 ##$$a 978-89-6509-65-9 =082 ##$$a 028.55 =084 ##$$a 028.55 HAN a =100 #$$a Han Goun =245 1#$$a Amaya kamu dimana? /$c Han Goun =260 ##$$a Tongkeun World :$b Gyeonggi-do =300 ##$$a 31 hlm : $b ilus ; $c 22,2 24 cm =650 #4$$a Bacaan Kanak-kanak =990 ##$$a 17471747